What's My Age Again (2010)? Quiz Stats

Quiz not verified by Sporcle

Also try: Are They Related?
Challenge
Share
Tweet
Embed
Score 0/20 Timer 02:00
0 Plays Today
Celebrity Age % Correct
Jennifer Lopez41
92.1%
Robert Downey Jr.45
92.1%
Madonna52
92.1%
Angelina Jolie35
91.5%
Bono50
91.1%
Simon Cowell51
90.5%
Leonardo DiCaprio36
89.2%
Denzel Washington56
88.9%
Lady Gaga24
88.3%
Britney Spears29
87.3%
Celebrity Age % Correct
Johnny Depp47
87%
Brad Pitt47
87%
George Clooney49
84.2%
Demi Moore48
84.2%
Oprah Winfrey57
84.2%
Meryl Streep61
83.9%
Robert De Niro67
81.3%
Morgan Freeman73
78.2%
Joan Collins77
71.5%
Clint Eastwood80
69.9%

You're not logged in!

Compare scores with friends on all Sporcle quizzes.
Sign Up with Email
OR
Log In

You Might Also Like...

Show Comments

Extras

Top Quizzes Today


Score Distribution

Your Account Isn't Verified!

In order to create a playlist on Sporcle, you need to verify the email address you used during registration. Go to your Sporcle Settings to finish the process.